Szczegóły MARC21

Planowanie w przedsiębiorstwie : materiały do studiowania : praca zbiorowa /

003 -Nazwa inst., której nr kontr. jest w polu 001 [,]
    • @
    • Nazwa instytucji, której n kontrolny jest w polu 001
    • NUKAT
005 -DATA I CZAS OSTATNIEJ MODYFIKACJI [,]
    • @
    • pole kontrolne
    • 20241231093518.0
040 -Instytucja sporządzająca opis [ , ]
    • a
    • Instytucja, która sporządziła opis (NP)
    • KIEL 008/JK
    • c
    • Instytucja, która sporządziła rekord (NP)
    • KIEL 008/JKs
942 -Rodzaj dokumentu [ , ]
    • c
    • Rodzaj dokumentu
    • Książka
245 -Strefa tytułu i oznaczenia odpowiedzialności [0,0]
    • a
    • Tytuł
    • Planowanie w przedsiębiorstwie : Find
    • b
    • Ciąg dalszy tytułu (NP)
    • materiały do studiowania : praca zbiorowa / Find
    • c
    • Pozostałe elementy strefy tytułu i oznaczenia odpowiedzialności (NP)
    • pod red. Mariana Gołdena ; Uniwersytet Szczeciński.
260 -Strefa adresu wydawniczego [ , ]
    • a
    • Miejsce wydania (P)
    • Szczecin :
    • b
    • Nazwa wydawcy (P)
    • Wydawnictwo Naukowe Uniwersytetu Szczecińskiego,
    • c
    • Data wydania (P)
    • 1990.
300 -Strefa opisu fizycznego [ , ]
    • a
    • Określenie formy książki i/lub objętość (NP)
    • 221 s. :
    • b
    • Oznaczenie ilustracji (NP)
    • il. ;
    • c
    • Format (NP)
    • 24 cm.
336 -Typ zawartości [ , ]
    • a
    • Termin opisujący typ zawartości
    • Tekst
    • b
    • Kod określający zawartość
    • txt
    • 2
    • Źródło (terminu i kodu)
    • rdacontent
337 -Typ mediów [ , ]
    • a
    • Tryb odtwarzania
    • Bez urządzenia pośredniczącego
    • b
    • Kod typu mediów
    • n
    • 2
    • Źródło (terminu i kodu)
    • rdamedia
338 -Typ/rodzaj nośnika [ , ]
    • a
    • Hasło opisujące typ nośnika
    • Wolumin
    • b
    • Kod typu nośnika
    • nc
    • 2
    • Źródło (terminu i kodu)
    • rdacarrier
500 -Uwaga ogólna [ , ]
    • a
    • Uwaga ogólna (NP)
    • Zawiera tab.
504 -Uwaga dot. bibliogr. załącznikowej [ , ]
    • a
    • Uwaga dot. bibliografii załącznikowej
    • Bibliogr. przy rozdz.
521 -Uwaga dot. przeznaczenia czytelniczego [8, ]
    • a
    • Uwaga dot. przeznaczenia czytelniczego
    • Skrypt dla studentów Wydziału Ekonomicznego Uniwersytetu Szczecińskiego, w szczególności dla kierunku Planowanie i Finansowanie Gospodarki Narodowej.
650 -Hasło przedmiotowe [ ,7]
    • a
    • Hasło przedmiotowe
    • Przedsiębiorstwa
    • x
    • Określnik rzeczowy
    • planowanie
    • v
    • Określnik formalny
    • podręczniki akademickie.
    • 2
    • Źródło terminu
    • kaba
    • 9
    • KHW
    • 433734
650 -Hasło przedmiotowe [ ,7]
    • a
    • Hasło przedmiotowe
    • Zarządzanie przedsiębiorstwem
    • v
    • Określnik formalny
    • podręczniki akademickie.
    • 2
    • Źródło terminu
    • kaba
    • 9
    • KHW
    • 352308
700 -Hasło dodatkowe - nazwa osobowa [1, ]
    • a
    • Nazwa osobowa (NP)
    • Gołden, Marian. Find
    • e
    • Określenie rodzaju współpracy
    • Red.
    • 9
    • KHW
    • 541276
710 -Hasło dodatkowe - nazwa ciała zbiorowego [2, ]
    • a
    • Nazwa ciała zbiorowego lub nazwa geograficzna jako pierwszy element (NP)
    • Uniwersytet Szczeciński.
    • b
    • Nazwa jednostki podrzędnej (P)
    • Wydawnictwo Naukowe.
    • 4
    • Kod relacji
    • pbl
    • 9
    • KHW
    • 51208
Data inwentaryzacji Lokalizacja Status udost. Numer inwentarzowy
1999-03-19BE-2E.59950
1999-03-19BE2S.71620
1999-03-19BE2S.71621
1999-03-19BE2S.71622
1999-03-19BE2S.71623
1999-03-19BE2S.71624
1999-03-19BE2S.71625
1999-03-19BE2S.71626
1999-03-19BE2S.71627
1999-03-19BE2S.71628
1999-03-19BE2S.71629
1999-03-19BE2S.71630
1999-03-19BE2S.71631
1999-03-19BE2S.71632
1999-03-19BE2S.71633
1999-03-19BE2S.71634
1999-03-19BE2S.71635
1999-03-19BE2S.71636
1999-03-19BE2S.71637
1999-03-19BE2S.71638
1999-03-19BE2S.71639
1999-03-19BE2S.71640
1999-03-19BE2S.71641
1999-03-19BE2S.71642
1999-03-19BE2S.71643
1999-03-19BE2S.71644
1999-03-19BE2S.71645
1999-03-19BE2S.71646
1999-03-19BE2S.71647
1999-03-19BE2S.71648
1999-03-19BE2S.71649
1999-03-19BE2S.71650
1999-03-19BE2S.71652
1999-03-19BE2S.71651
1999-03-19BE-3S.71653
1999-03-19BE2S.74099
1999-03-19BE2S.74100
1999-03-19BE2S.74101
1999-03-19T-11TS.74102
1999-03-19T-11TS.74103